Byzantium and the other: relations and exchanges

Saved in:  
Bibliographic Details
Main Author: Laïu-Thōmadakē, Angelikē E. 1941-2008 (Author)
Format: Print Book
Language:English
Subito Delivery Service: Order now.
Check availability: HBZ Gateway
WorldCat: WorldCat
Interlibrary Loan:Interlibrary Loan for the Fachinformationsdienste (Specialized Information Services in Germany)
Published: Farnham [u.a.] Ashgate Variorum 2012
In: Variorum collected studies series (1005)
Year: 2012
Series/Journal:Variorum collected studies series 1005
Standardized Subjects / Keyword chains:B Byzantine Empire / Stranger
B Byzantine Empire / Crusades
B Byzantine Empire / Long-range trade
Further subjects:B Crusades
B Byzantine Empire Foreign relations 1081-1453
B Collection of essays
B Byzantine Empire Commerce
B Long-range trade
B European history (Byzantine Empire)
B Medieval History (Byzantine Empire)
B History
B Byzantine Empire
Online Access: Detailed description
Autorenbiografie
Table of Contents
Table of Contents
Kurzbeschreibung

MARC

LEADER 00000cam a2200000 c 4500
001 1617834319
003 DE-627
005 20240509212521.0
007 tu
008 120716s2012 xx ||||| 00| ||eng c
016 7 |a 016026665  |2 UK 
020 |a 9781409432067  |q (hbk.) £80.00  |9 978-1-4094-3206-7 
020 |a 1409432068  |q (hbk.) £85.00  |9 1-4094-3206-8 
024 3 |a 9781409432067 
035 |a (DE-627)1617834319 
035 |a (DE-603)307411907 
035 |a (DE-576)368187357 
035 |a (DE-599)BSZ368187357 
035 |a (OCoLC)811722505 
035 |a (OCoLC)776775634 
040 |a DE-627  |b ger  |c DE-627  |e rakwb 
041 |a eng 
082 0 |a 949.5 
084 |a 1  |2 ssgn 
090 |a a 
100 1 |0 (DE-588)130466905  |0 (DE-627)502215119  |0 (DE-576)164636633  |4 aut  |a Laïu-Thōmadakē, Angelikē E.  |d 1941-2008 
109 |a Laïu-Thōmadakē, Angelikē E. 1941-2008  |a Laïu-Thōmadakē, Angelikē 1941-2008  |a Laïu, Angelikē 1941-2008  |a Laiou-Thōmadakē, Angelikē E. 1941-2008  |a Laiou-Thomadakis, Angeliki E. 1941-2008  |a Thomadakis, Angeliki L.- 1941-2008  |a Laiou, Angelika E. 1941-2008  |a Laiou, Angelikē E. 1941-2008  |a Laiou, Angeliki E. 1941-2008  |a Laiou, Angeliki 1941-2008  |a Thōmadakē, Angelikē E. 1941-2008  |a Thomadakis, Angeliki E. Laiou- 1941-2008 
245 1 0 |a Byzantium and the other  |b relations and exchanges  |c Angeliki E. Laiou 
264 1 |a Farnham [u.a.]  |b Ashgate Variorum  |c 2012 
300 |a getr. Zählung  |b Ill., Kt. 
336 |a Text  |b txt  |2 rdacontent 
337 |a ohne Hilfsmittel zu benutzen  |b n  |2 rdamedia 
338 |a Band  |b nc  |2 rdacarrier 
490 1 |a Variorum collected studies series  |v 1005 
583 1 |a Archivierung/Langzeitarchivierung gewährleistet  |f SSG  |x XA-DE-BW  |2 pdager  |5 DE-21 
648 7 |a Geschichte  |2 gnd 
650 0 |a European history  |z Byzantine Empire  |2 bicssc 
650 0 |a Medieval History  |z Byzantine Empire  |2 bicssc 
650 0 |a History  |2 eflch 
650 0 7 |0 (DE-588)4073802-4  |0 (DE-627)106091492  |0 (DE-576)209191554  |a Kreuzzüge  |2 gnd 
650 0 7 |0 (DE-588)4154026-8  |0 (DE-627)10552655X  |0 (DE-576)209808098  |a Fernhandel  |2 gnd 
651 7 |0 (DE-588)4009256-2  |0 (DE-627)106363735  |0 (DE-576)208881441  |a Byzantinisches Reich  |2 gnd 
653 |a Crusades 
653 |a Byzantine Empire  |a Foreign relations  |a 1081-1453 
653 |a Byzantine Empire  |a Commerce 
655 7 |a Aufsatzsammlung  |0 (DE-588)4143413-4  |0 (DE-627)105605727  |0 (DE-576)209726091  |2 gnd-content 
689 0 0 |d g  |0 (DE-588)4009256-2  |0 (DE-627)106363735  |0 (DE-576)208881441  |2 gnd  |a Byzantinisches Reich 
689 0 1 |d s  |0 (DE-588)4155370-6  |0 (DE-627)10551635X  |0 (DE-576)209818425  |2 gnd  |a Fremder 
689 0 |5 (DE-627) 
689 1 0 |d g  |0 (DE-588)4009256-2  |0 (DE-627)106363735  |0 (DE-576)208881441  |2 gnd  |a Byzantinisches Reich 
689 1 1 |d s  |0 (DE-588)4073802-4  |0 (DE-627)106091492  |0 (DE-576)209191554  |2 gnd  |a Kreuzzüge 
689 1 |5 (DE-627) 
689 2 0 |d g  |0 (DE-588)4009256-2  |0 (DE-627)106363735  |0 (DE-576)208881441  |2 gnd  |a Byzantinisches Reich 
689 2 1 |d s  |0 (DE-588)4154026-8  |0 (DE-627)10552655X  |0 (DE-576)209808098  |2 gnd  |a Fernhandel 
689 2 |5 (DE-627) 
830 0 |a Variorum collected studies series  |v 1005  |9 1005  |w (DE-627)182346196  |w (DE-576)007080093  |w (DE-600)1199738-2  |x 0961-7582  |7 am 
856 4 2 |u https://swbplus.bsz-bw.de/bsz368187357inh.htm  |m B:DE-576;DE-21  |q application/pdf  |v 20121009095558  |x Verlag  |3 Inhaltsverzeichnis  |7 1 
856 4 2 |u http://scans.hebis.de/HEBCGI/show.pl?30741190_toc.html  |m X:Nielsen  |q text/html  |3 Inhaltsverzeichnis  |7 1 
856 4 2 |u http://scans.hebis.de/HEBCGI/show.pl?30741190_kub.html  |m X:Nielsen  |q text/html  |3 Kurzbeschreibung  |7 1 
856 4 2 |u http://scans.hebis.de/HEBCGI/show.pl?30741190_aub.html  |m X:Nielsen  |q text/html  |3 Ausführliche Beschreibung  |7 1 
856 4 2 |u http://scans.hebis.de/HEBCGI/show.pl?30741190_bio.html  |m X:Nielsen  |q text/html  |3 Autorenbiografie  |7 1 
889 |w (DE-627)1952259444 
935 |a mteo 
935 |i sf 
936 s n |a n100  |2 mzub 
951 |a BO 
ACO |a 1 
ELC |b 1 
ITA |a 1  |t 1 
LOK |0 000 xxxxxcx a22 zn 4500 
LOK |0 001 3211370161 
LOK |0 003 DE-627 
LOK |0 004 1617834319 
LOK |0 005 20121002112348 
LOK |0 008 120716||||||||||||||||ger||||||| 
LOK |0 040   |a DE-21  |c DE-627  |d DE-21 
LOK |0 852   |a DE-21 
LOK |0 852 1  |c 52 A 8362  |9 00 
LOK |0 935   |a theo 
LOK |0 936ln  |a t3.2 
LOK |0 938   |a 1210  |f 2 
LOK |0 939   |a 2012-07-16  |b l01 
ORI |a TA-MARC-ixtheoa001.raw 
REL |a 1 
STA 0 0 |a Byzantine Empire,Eastern Roman Empire,Crusades,Crusades,Crusades in art,Long-range trade,Distant commerce,Stranger,Stranger,Foreigner,Noncitizens in literature,Noncitizens in art 
STB 0 0 |a Commerce lointain,Croisades,Croisades,Étranger,Étranger 
STC 0 0 |a Comercio a distancia,Cruzadas,Cruzadas,Extraño,Extraño,Forastero,Forastero,Forastero (Motivo),Forastero 
STD 0 0 |a Commercio a lunga distanza,Crociate,Crociate,Straniero,Straniero 
STE 0 0 |a 十字军东征,十字军东征,外人,外人,外地人,外地人,远程贸易,异地贸易 
STF 0 0 |a 十字軍東征,十字軍東征,外人,外人,外地人,外地人,遠程貿易,異地貿易 
STG 0 0 |a Comércio à distância,Cruzadas,Cruzadas,Estranho,Estranho,Forasteiro,Forasteiro,Forasteiro (Motivo),Forasteiro 
STH 0 0 |a Крестовые походы (мотив),Крестовые походы,Торговля с географически отдалёнными областями,Чужак (мотив),Чужак 
STI 0 0 |a Εξ αποστάσεως εμπόριο,Ξένος (μοτίβο),Ξένος,Σταυροφορίες (μοτίβο),Σταυροφορίες 
SUB |a REL 
SYE 0 0 |a Kreuzzug 
SYF 0 0 |a Oströmisches Reich,Reich Byzanz,Imperium Byzantium,Imperium Byzantinum,Ostrom,Rhomaioi,Romäer 
SYG 0 0 |a Oströmisches Reich,Reich Byzanz,Imperium Byzantium,Imperium Byzantinum,Ostrom,Rhomaioi,Romäer , Oströmisches Reich,Reich Byzanz,Imperium Byzantium,Imperium Byzantinum,Ostrom,Rhomaioi,Romäer , Kreuzzug , Oströmisches Reich,Reich Byzanz,Imperium Byzantium,Imperium Byzantinum,Ostrom,Rhomaioi,Romäer 
TIM |a 100003950101_100014531231  |b 395 - 1453